| 000 | 00837nam a2200277 i 4500 | ||
|---|---|---|---|
| 001 | bg | ||
| 100 | 1 | _aPIERÓG, Jerzy | |
| 245 | 1 | 0 |
_aUstawa o zamówieniach publicznych : _bkomentarz / _cJerzy Pieróg, Waldemar Łysakowski. |
| 250 | _a[Stan prawny lipiec 1996 r.]. | ||
| 260 |
_aWarszawa : _bC. H. Beck, _c1996. |
||
| 300 |
_aXIV, 245 s. ; _c20 cm. |
||
| 490 | 1 | _aKrótkie Komentarze Becka | |
| 504 | _aIndeks. | ||
| 650 | 9 |
_aZamówienia publiczne _xprawo _zPolska _y1996 r. |
|
| 700 | 1 | _aŁYSAKOWSKI, Waldemar | |
| 830 | _aKrótkie Komentarze Becka | ||
| 020 | _a8371102194 | ||
| 020 | _a3406402569 (Niemcy) | ||
| 040 | _cBPK | ||
| 041 | 0 | _apl | |
| 080 | _a342.951:351.72:336.12:347.4](438) | ||
| 920 | _a83-7110-219-4 | ||
| 920 | _a3-406-40256-9 (Niemcy) | ||
| 942 | _cKS | ||
| 008 | s pl f |000 0 pol | ||
| 999 |
_c31397 _d31397 |
||
| 856 |
_uhttp://koha.tu.koszalin.pl/cgi-bin/koha/opac-detail.pl?biblionumber=31397 _yKatalog online BPK |
||